|
|
|
|
| LEADER |
00000cam a2200000 7i4500 |
| 001 |
0000005037 |
| 005 |
20101027.0 |
| 008 |
101027 |
| 040 |
|
|
|a INS
|
| 090 |
0 |
0 |
|a VCD 1689
|
| 245 |
0 |
0 |
|a MTCP 1996 :
|b Majlis perasmian MTCP 1996 dan sidang akhbar [
|h cakera video] :
|b 2 September 1996
|
| 260 |
|
|
|a Bangi :
|b INSPEN ,
|c 1996
|
| 300 |
|
|
|a 1 cakera video (50 min) :
|b wr., by. ;
|c 4 3/4 in.
|
| 500 |
|
|
|a Juga terdapat dalam format VHS 657
|
| 650 |
0 |
0 |
|a Real property
|
| 650 |
0 |
0 |
|a Valuation
|
| 710 |
1 |
|
|a INSPEN (Institut Penilaian Negara)
|
| 999 |
|
|
|a VCD0001689
|b VIDEO
|c Media Collection
|e Default branch
|